Asalib nasar par ek nazar (Record no. 1031169)

MARC details
000 -LEADER
fixed length control field 00418nam a2200181Ia 4500
003 - CONTROL NUMBER IDENTIFIER
control field OSt
005 - DATE AND TIME OF LATEST TRANSACTION
control field 20260113162633.0
008 - FIXED-LENGTH DATA ELEMENTS--GENERAL INFORMATION
fixed length control field 221004b |||||||| |||| 00| 0 eng d
037 ## - SOURCE OF ACQUISITION
Terms of availability TB
040 ## - CATALOGING SOURCE
Original cataloging agency AL
Transcribing agency AL
Language of cataloging eng
041 ## - LANGUAGE CODE
Source of code eng
Language code of text/sound track or separate title eng
084 ## - COLON CLASSIFICATION NUMBER
Assigning agency AL
100 ## - MAIN ENTRY--PERSONAL NAME
Personal name Zianddin
9 (RLIN) 625893
245 #0 - TITLE STATEMENT
Title Asalib nasar par ek nazar
365 ## - TRADE PRICE
Price type code 75.00
Price amount INR
942 ## - ADDED ENTRY ELEMENTS (KOHA)
Koha item type Textbook
Source of classification or shelving scheme Colon Classification (CC)
Suppress in OPAC No
Holdings
Withdrawn status Lost status Source of classification or shelving scheme Damaged status Not for loan Home library Current library Date acquired Cost, normal purchase price Total Checkouts Barcode Date last seen Price effective from Koha item type
Withdrawn   Colon Classification (CC)     Arts Library Arts Library 2026-01-13 75.00   AL1053877 2022-10-05 2022-10-05 Textbook
Copyright @ Delhi University Library System